000 00790nam a2200241Ia 4500
003 OSt
005 20220925204325.0
006 a|||||r|||| 00| 0
007 ta
008 220923b |||||||| |||| 00| 0 eng d
037 _cGeneral Book
040 _aRTL
_cRTL
_beng
041 _2eng
_aeng
082 _aX9(D85).275.Nt4, K9 /UN
110 _aUNITED NATIONS DEVELOPMENT PROGRAMME, WORLD HEALTH ORGANIZAION
_9268229
245 0 _aSurvey of water supply resources of greater Calcutta
260 _aGeneva
_bUnited Nations
_c1969
300 _aix, 51p
_ccm.
500 _aAppendix: 45-51p
700 _aUNITED NATIONS DEVELOPMENT PROGRAMME, WORLD HEALTH ORGANIZAION
_9268230
942 _hX9(D85).275.Nt4, K9 /UN
_cGB
_2CC
999 _c549161
_d549161